000 00465nam a2200145Ia 4500
001 4627
008 241024s9999 xx 000 0 und d
082 _aRD/352.09793/C755m/2015-2016
100 _aConsejo del Plan Estratégivo de Desarrollo de la Provincia Espaillat (PEDEPE)
245 0 _aMemoria 2015-2016. Diez años sembrando Sueños, Cosechando esperanza
260 _bSanto Domingo
_c2016
590 _asi
901 _a12/5/2017 11:27:38 a.m.
999 _c9477
_d9477